| 000 | 00522nam a2200169Ia 4500 | ||
|---|---|---|---|
| 003 | GCL | ||
| 008 | 140319s9999 xx 000 0 eng d | ||
| 040 |
_aGCL / _cGCL |
||
| 082 | 0 | 4 |
_a956.9404 _bD P |
| 100 | 1 | _aDIVINE, DONNA ROBINSON | |
| 245 | 1 | 0 |
_aPOLITICS AND SOCIETY IN OTTOMAN PALESTINE: THE ARAB STRUGGLE FOR SURRIVAL AND POWER / _cDIVINE, DONNA ROBINSON |
| 260 |
_a[S.N] : _bLYNNE RIENNER PUBLISHING ، _c1994 |
||
| 300 | _a227 P | ||
| 650 | 0 | 4 | _aOTTOMAN EMPIRE |
| 650 | 0 | 4 | _aPALESTINE - HISTORY |
| 942 |
_2ddc _cBK |
||
| 999 |
_c23582 _d23582 |
||